| 000 | 01344nam a22002657a 4500 | ||
|---|---|---|---|
| 005 | 20150827105807.0 | ||
| 010 | _aENG-113397 | ||
| 020 |
_a9788177421170 _c1500.00 |
||
| 035 | _aEN-96929 | ||
| 037 | _bDBAD/PUB | ||
| 082 | _a015.54031 | ||
| 100 | _aKak, Ramchandra | ||
| 245 |
_aA descriptive catalogue of Sanskrit manuscripts in the private library of His Highness Shri Rajarajeshwar Maharajadhiraj Maharaja Shri Harisinghji Bahadur K.C.I.E., K.C.V.O. of Jammu and Kashmir _cby Ramchandra Kak [and] Harabhatta Shastri. Mahācīnācāra, Kakṣapuṭa and Tārārahasya ; edited by Lokesh Chandra ; foreworded by Karan Singh _bin the private library of his highness shri Rajarajeshwar Maharajadhiraj maharaja shri Harisinghji Bahadur K.C.I.E., K.C.V.O. of Jammu and Kashmir / |
||
| 260 |
_aNew Delhi _bNational Archives of India and Aditya Prakashan _c2011 |
||
| 270 |
_a2/18, Ansari Road _bNew Delhi _e110002 |
||
| 300 |
_a244p. _c29cm(Hb) |
||
| 490 | _aŚata-piṭaka series : Indo-Asian literatures ; v. 634 | ||
| 600 |
_aHari Singh Maharaja, _d1895-1961 _xLibrary _vCatalogs. |
||
| 610 |
_a National Archives of India _vCatalogs. |
||
| 650 |
_aManuscripts, Sanskrit _vCatalogs. |
||
| 700 | _aShastri, Harabhatta | ||
| 700 | _aChandra, Lokesh | ||
| 700 | _aKaran Singh | ||
| 942 |
_2ddc _cEN _mKAK _h015.54031 |
||
| 999 |
_c94740 _d94740 |
||